| 000 | 00583nam a22001817a 4500 | ||
|---|---|---|---|
| 003 | URS | ||
| 005 | 20240715182410.0 | ||
| 008 | 240715t2020 ny ||||| |||| 00| 0 eng d | ||
| 020 | _a9780367024697 | ||
| 040 |
_aDLC _b eng _cDLC _dDLC _dURS _erda |
||
| 082 |
_a907.1/2 _bSi641 2020 |
||
| 100 |
_aSinger, Alan J. _eauthor |
||
| 245 |
_aTeaching global history: _bA social studies approach/ _cAlan J. Singer |
||
| 264 |
_aNew York: _bRoutledge: _c[2020] |
||
| 300 |
_axi, 217 pages; _c25 cm. |
||
| 504 | _aIncludes bibliographical references (pages 203-210) and index. | ||
| 942 |
_2ddc _cFR |
||
| 999 |
_c80705 _d80704 |
||